[Event "North American-ch UNN"]
[Site "Dulles"]
[Date "2024.12.23"]
[Round "9"]
[White "Iranian Prabhu Kumar, Ashwin"]
[Black "Wang, Ted"]
[Result "0-1"]
[WhiteElo "1787"]
[BlackElo "2004"]
[PlyCount "80"]
[EventDate "2024.12.18"]
[EventType "swiss"]
[EventRounds "9"]
[EventCountry "USA"]
[SourceTitle "CB02_2025"]
[SourceDate "2025.01.08"]
[SourceVersion "1"]
[SourceVersionDate "2025.01.08"]
[SourceQuality "1"]

1. e4 c5 2. Nf3 Nc6 3. Bb5 g6 4. 0-0 Bg7 5. c3 Nf6 6. Re1 0-0 7. d4 d5 8. e5 Ne4 9. Be3 cxd4 10. cxd4 Qb6 11. Qb3 Be6 12. Nc3 Na5 13. Qa4 Nxc3 14. bxc3 a6 15. Bd3 Qc7 16. Qb4 Rfc8 17. Bd2 Bg4 18. Nh4 Bf8 19. h3 Bd7 20. Rab1 e6 21. Qb2 Nc4 22. Bxc4 Qxc4 23. Nf3 b5 24. Nh2 h5 25. g4 h4 26. g5 Kg7 27. Re3 Be7 28. Rf3 a5 29. Ng4 b4 30. Nh6 Be8 31. Qc2 Qxd4 32. Qb2 Qe4 33. Re3 Qc4 34. Rf3 Rab8 35. Qc2 d4 36. Ng4 bxc3 37. Bc1 Rxb1 38. Qxb1 Bc6 39. Rf6 Qd5 40. f3 Bxf6 0-1